000 00983nam a22002537a 4500
005 20170124102949.0
010 _aA-706517
020 _c125.00
035 _aA-706517
037 _bCen Lib/Ret
040 _aDPL
_bHN
082 _a822
_bबमब
100 _aबमबम सिंह 'नीलकमल'
_943626
245 _aरेडियो-रूपक /
_cबमबम सिंह 'नीलकमल'
246 _aRadio-roopak /
_bby Bambam Singh 'Neelkamal'
260 _aदिल्ली
_bजीवन ज्योति प्रकाशन
_c1994
270 _a3014, चर्खेवालान
_bदिल्ली
_e110006
300 _a187पृ.
_c21सेमी (सजिल्द)
650 _aहिन्दी -- साहित्य
_950837
650 _aहिन्दी -- नाटक
_91413
650 _aHindi -- literature
_950838
650 _aHindi -- drama
_950839
942 _2ddc
_cHN
_h822
_mबमब
999 _c113143
_d113143